[Event "XLV C.to Italiano a squadre A1.1"]
[Site "Arvier ITA"]
[Date "2013.03.16"]
[Round "3"]
[White "Aranovitch, Emiliano"]
[Black "Di Paolo, Raffaele"]
[WhiteElo "2328"]
[BlackElo "2292"]
[Result "1-0"]
[PlyCount "65"]
[EventDate "2013.03.15"]

1. e4 c5 2. Nf3 e6 3. c3 d5 4. exd5 exd5 5. d4 Nc6 6. Bb5 Bd6 7. O-O Nge7 8.
dxc5 Bxc5 9. Nbd2 O-O 10. Nb3 Bb6 11. Re1 Bg4 12. Be3 Qd6 13. Bxb6 axb6 14. Qd3
Ng6 15. Nfd4 Qf6 16. Qg3 h5 17. a3 Rad8 18. Re3 Nce5 19. h3 h4 20. Qh2 Bd7 21.
Nf3 Nc4 22. Bxc4 dxc4 23. Nbd4 Nf4 24. Ne5 Bc6 25. Nexc6 bxc6 26. Rf3 g5 27. g3
Rxd4 28. cxd4 Ne2+ 29. Kg2 Qxd4 30. gxh4 Nf4+ 31. Kh1 f6 32. Rg1 Qd5 33. Qxf4
1-0

[Event "XLV C.to Italiano a squadre A1.1"]
[Site "Arvier ITA"]
[Date "2013.03.16"]
[Round "3"]
[White "Barlocco, Carlo"]
[Black "Barletta, Mauro"]
[WhiteElo "2088"]
[BlackElo "2221"]
[Result "1-0"]
[PlyCount "195"]
[EventDate "2013.03.15"]

1. d4 e6 2. Nf3 f5 3. Bf4 Nf6 4. e3 Be7 5. h3 b6 6. Be2 Bb7 7. c4 O-O 8. O-O
Ne4 9. Nfd2 Bg5 10. Bh2 d6 11. Nxe4 fxe4 12. Nc3 Nd7 13. Qc2 Nf6 14. c5 Qe7 15.
cxd6 cxd6 16. Qb3 Kh8 17. Rac1 Nd5 18. Nxe4 Nxe3 19. Bxd6 Qd8 20. fxe3 Rxf1+
21. Rxf1 Bxe4 22. Bf4 Bd5 23. Bc4 Rc8 24. Bxd5 exd5 25. Qd1 Bf6 26. Rf2 Rc6 27.
Rc2 Qc8 28. Rxc6 Qxc6 29. Qb3 g5 30. Bg3 Kg7 31. Qa3 a5 32. Qc3 Qe6 33. Bf2 Bd8
34. Bg3 Bf6 35. a3 h5 36. b4 axb4 37. axb4 h4 38. Bf2 Be7 39. b5 Kf7 40. Qc2
Ke8 41. Kf1 Kd8 42. Ke2 g4 43. hxg4 Qxg4+ 44. Kf1 h3 45. gxh3 Qxh3+ 46. Ke2
Qh5+ 47. Kd2 Bb4+ 48. Kc1 Qh1+ 49. Kb2 Qf1 50. Bh4+ Ke8 51. Qg6+ Kf8 52. Qf6+
Qxf6 53. Bxf6 Kf7 54. Bd8 Ba5 55. Kc2 Ke8 56. Bg5 Kd7 57. Kd3 Bb4 58. e4 dxe4+
59. Kxe4 Bd6 60. Bf4 Be7 61. d5 Bh4 62. Kf5 Bf2 63. Ke5 Bc5 64. Ke4 Be7 65. Bb8
Bc5 66. Ke5 Bf2 67. Ke4 Bc5 68. Kd3 Bf2 69. Be5 Bh4 70. Bc3 Bd8 71. Bb4 Bh4 72.
Ke4 Bg3 73. Bf8 Bc7 74. Bg7 Bd8 75. Be5 Be7 76. Kd4 Bc5+ 77. Kc4 Be7 78. Bc3
Bd6 79. Bd4 Bc7 80. Kd3 Bd8 81. Ke4 Kd6 82. Be3 Kd7 83. Ke5 Bc7+ 84. Kf6 Bd8+
85. Kf7 Kd6 86. Ke8 Bc7 87. Bf2 Kxd5 88. Kd7 Bb8 89. Bxb6 Kc4 90. Kc6 Kb4 91.
Bf2 Bc7 92. Bb6 Bb8 93. Bc5+ Ka5 94. b6 Ka6 95. Be7 Ba7 96. b7 Bb8 97. Bd8 Ba7
98. Bc7 1-0

[Event "XLV C.to Italiano a squadre A1.1"]
[Site "Arvier ITA"]
[Date "2013.03.16"]
[Round "3"]
[White "Castaldo, Folco"]
[Black "Arata, Roberto Mario"]
[WhiteElo "2413"]
[BlackElo "2222"]
[Result "1-0"]
[PlyCount "116"]
[EventDate "2013.03.15"]

1. e4 d6 2. d4 c6 3. Nc3 Nd7 4. Nf3 e5 5. Bc4 Be7 6. dxe5 dxe5 7. Ng5 Bxg5 8.
Qh5 Qe7 9. Bxg5 Ngf6 10. Qh4 O-O 11. O-O h6 12. Be3 Re8 13. f3 Nf8 14. Qf2 Be6
15. Bd3 b6 16. a4 Qc7 17. a5 N6d7 18. f4 exf4 19. Bxf4 Qc8 20. Qg3 Ng6 21. Bd6
Qd8 22. e5 Ndf8 23. Ne4 Qh4 24. Qxh4 Nxh4 25. Bc7 b5 26. Rae1 Bd5 27. g3 Nhg6
28. Nc3 Be6 29. Be4 Rac8 30. Bd6 Nd7 31. Bg2 Bc4 32. Rf5 f6 33. b3 Be6 34. Rf2
Ndxe5 35. Rfe2 Red8 36. Bc5 Rd7 37. Ne4 Rcd8 38. a6 Bd5 39. Bf2 Re7 40. Bc5
Red7 41. Bf2 Re8 42. Nc5 Rde7 43. Nb7 Rf7 44. Nd6 Ree7 45. Nxf7 Kxf7 46. Bxd5+
cxd5 47. Kg2 Rc7 48. Ra1 Nc6 49. Rd1 Nce7 50. Rd4 Rc6 51. Rb4 Rxa6 52. Rxb5 Rc6
53. Bxa7 Ne5 54. Bd4 Ke6 55. Rb6 Rxb6 56. Bxb6 N7c6 57. Bc5 d4 58. Rd2 Kd7 1-0

[Event "XLV C.to Italiano a squadre A1.1"]
[Site "Arvier ITA"]
[Date "2013.03.16"]
[Round "3"]
[White "Ciuffoletti, Paolo"]
[Black "Salvetti, Alec"]
[WhiteElo "2182"]
[BlackElo "2226"]
[Result "1-0"]
[PlyCount "101"]
[EventDate "2013.03.15"]

1. e4 e5 2. Bc4 Bc5 3. Nf3 Nc6 4. b4 Bxb4 5. c3 Be7 6. d4 Na5 7. Nxe5 Nxc4 8.
Nxc4 d5 9. exd5 Qxd5 10. Ne3 Qd8 11. O-O Nf6 12. Bb2 O-O 13. Qf3 c6 14. Nd2 Be6
15. c4 a5 16. Rad1 a4 17. d5 cxd5 18. Bxf6 Bxf6 19. cxd5 Bd7 20. Ne4 Be5 21. d6
f5 22. Nc5 Bc6 23. Qe2 Rf6 24. Ng4 Bxd6 25. Ne6 Qe7 26. Nxf6+ gxf6 27. Rfe1 Kh8
28. Nd4 Qxe2 29. Rxe2 Rd8 30. Nxc6 Bxh2+ 31. Kxh2 Rxd1 32. Nb4 Rb1 33. a3 b5
34. g3 Kg7 35. Kg2 Kg6 36. Kf3 Kg5 37. Rd2 h5 38. Ke3 f4+ 39. gxf4+ Kg4 40. Nd5
Rb3+ 41. Ke4 f5+ 42. Ke5 h4 43. Ne3+ Kf3 44. Nxf5 Rxa3 45. Nxh4+ Kg4 46. Ng2 b4
47. Ne3+ Kf3 48. f5 b3 49. f6 Ra2 50. Rxa2 bxa2 51. Nc2 1-0

[Event "XLV C.to Italiano a squadre A1.1"]
[Site "Arvier ITA"]
[Date "2013.03.16"]
[Round "3"]
[White "De Luca, Fabio"]
[Black "Mariano, Elia"]
[WhiteElo "1977"]
[BlackElo "2156"]
[Result "0-1"]
[PlyCount "120"]
[EventDate "2013.03.15"]

1. e4 c6 2. Nc3 d5 3. Nf3 Bg4 4. h3 Bxf3 5. Qxf3 Nf6 6. d3 e6 7. Bd2 Nbd7 8. g4
h6 9. Qg3 dxe4 10. dxe4 e5 11. O-O-O Bb4 12. Bg2 Qe7 13. Kb1 O-O-O 14. a3 Bd6
15. Be3 Bc5 16. Na4 Bxe3 17. Qxe3 Kc7 18. Bf3 Nb6 19. Nxb6 axb6 20. Be2 Rxd1+
21. Rxd1 Nd7 22. Bc4 f6 23. h4 Rd8 24. g5 fxg5 25. hxg5 Qxg5 26. Qxg5 hxg5 27.
Rg1 Nf6 28. Bd3 g4 29. Kc1 Rd7 30. Rg3 b5 31. b4 Kd8 32. Re3 g5 33. Kd2 Rh7 34.
Rg3 Rh3 35. Ke2 Rh1 36. f3 Rh2+ 37. Kf1 Rh4 38. Kg2 gxf3+ 39. Kxf3 Rf4+ 40. Kg2
Rg4 41. Rxg4 Nxg4 42. Kf3 Nf6 43. c4 bxc4 44. Bxc4 Ke7 45. a4 Kd6 46. a5 Kc7
47. Bf1 b6 48. Be2 c5 49. axb6+ Kxb6 50. b5 g4+ 51. Ke3 g3 52. Bd3 Ne8 53. Kf3
Nd6 54. Kxg3 c4 55. Bc2 Kxb5 56. Kg4 Kb4 57. Kg5 Kc3 58. Ba4 Kd4 59. Bc2 Nxe4+
60. Kf5 Nd6+ 0-1

[Event "XLV C.to Italiano a squadre A1.1"]
[Site "Arvier ITA"]
[Date "2013.03.16"]
[Round "3"]
[White "Formento, Paolo"]
[Black "Ranieri, Fabrizio"]
[WhiteElo "2200"]
[BlackElo "2277"]
[Result "1/2-1/2"]
[PlyCount "77"]
[EventDate "2013.03.15"]

1. e4 e6 2. d4 d5 3. Nd2 Nf6 4. e5 Nfd7 5. f4 c5 6. Ngf3 Nc6 7. Nb3 cxd4 8.
Nbxd4 Be7 9. c3 Nc5 10. Bd3 Nxd3+ 11. Qxd3 O-O 12. O-O Bd7 13. Bd2 a5 14. Rae1
Qb6 15. Bc1 Nxd4 16. Nxd4 Bc5 17. Be3 Qxb2 18. Rb1 Qxa2 19. Rxb7 Bc8 20. Rf2
Qxf2+ 21. Kxf2 Bxb7 22. Nc2 Ba6 23. Qd2 Be7 24. Nd4 Bc5 25. Nc6 Bxe3+ 26. Qxe3
a4 27. Ne7+ Kh8 28. f5 a3 29. f6 g6 30. Qh6 Rg8 31. Nxg8 Rxg8 32. Qc1 a2 33.
Qa3 Bc4 34. h4 h6 35. g4 Rc8 36. Ke3 Kg8 37. Kd4 Rf8 38. Qc1 Kh7 39. Qa3
1/2-1/2

[Event "XLV C.to Italiano a squadre A1.1"]
[Site "Arvier ITA"]
[Date "2013.03.16"]
[Round "3"]
[White "Georgiev, Vladimir"]
[Black "Bellia, Fabrizio"]
[WhiteElo "2562"]
[BlackElo "2416"]
[Result "1-0"]
[PlyCount "135"]
[EventDate "2013.03.15"]

1. d4 Nf6 2. c4 e6 3. Nc3 Bb4 4. Nf3 O-O 5. e3 d5 6. Bd3 c5 7. O-O Nc6 8. cxd5
exd5 9. dxc5 Bxc5 10. h3 a6 11. b3 Be6 12. Bb2 Rc8 13. Rc1 Ba7 14. Ne2 Ne4 15.
Nfd4 Nxd4 16. Bxd4 Rxc1 17. Qxc1 Bxd4 18. Nxd4 Bd7 19. Bxe4 dxe4 20. Qc5 Qc8
21. Rc1 Qxc5 22. Rxc5 Rc8 23. Rd5 Rc7 24. Re5 b5 25. g4 Kf8 26. Kg2 Rc1 27. Rd5
Ke7 28. a4 bxa4 29. bxa4 Ra1 30. a5 g6 31. g5 Ra2 32. h4 Ra1 33. Kh2 Rf1 34.
Kg2 Ra1 35. Re5+ Kd6 36. Rxe4 Rxa5 37. Rf4 Ke7 38. Rf6 h6 39. f4 hxg5 40. hxg5
Ra1 41. Kf3 Ra3 42. Ke4 Ra4 43. Rb6 Bf5+ 44. Kf3 Bd7 45. Nb3 Ra3 46. Nc5 Bc8
47. Ke4 a5 48. Rb8 Bh3 49. Kd4 Bg2 50. e4 Ra1 51. Rb7+ Kf8 52. Ke5 Rd1 53. Ra7
Bh3 54. Rxa5 Kg7 55. Ra3 Rc1 56. Ra5 Bg4 57. Nb7 Rc8 58. Nd6 Rd8 59. f5 gxf5
60. exf5 Bh3 61. Ra7 Rxd6 62. f6+ Rxf6 63. gxf6+ Kg6 64. Ra8 Be6 65. Rg8+ Kh7
66. Rg7+ Kh8 67. Kd6 Bb3 68. Ke7 1-0

[Event "XLV C.to Italiano a squadre A1.1"]
[Site "Arvier ITA"]
[Date "2013.03.16"]
[Round "3"]
[White "Napoli, Nicolo'"]
[Black "Guerrieri, Lorenzo"]
[WhiteElo "2281"]
[BlackElo "2209"]
[Result "1-0"]
[PlyCount "101"]
[EventDate "2013.03.15"]

1. d4 Nf6 2. g3 d5 3. Bg2 g6 4. c4 c6 5. Nf3 Bg7 6. O-O O-O 7. Nc3 Ne4 8. Qb3
Nxc3 9. bxc3 dxc4 10. Qxc4 Nd7 11. a4 Qa5 12. Ba3 Re8 13. Bb4 Qh5 14. a5 a6 15.
e4 Nf6 16. Ne5 Be6 17. Qd3 Rad8 18. f4 Ng4 19. Nxg4 Bxg4 20. Qe3 Bh3 21. Bxh3
Qxh3 22. f5 e5 23. Bc5 Qh5 24. Ra2 Bh6 25. Qd3 Rd7 26. Re2 Qg4 27. Kg2 Bg5 28.
h3 Qh5 29. Qc4 Bh6 30. g4 Qh4 31. fxg6 hxg6 32. dxe5 Rxe5 33. Ref2 Rg5 34. e5
Rd5 35. Be7 Rxg4+ 36. Qxg4 Qxe7 37. Rxf7 Qxf7 38. Qc8+ Bf8 39. Rxf7 Kxf7 40.
Qxb7+ Be7 41. Qxa6 Rxe5 42. Qc4+ Kg7 43. a6 Bc5 44. Qa4 Re6 45. Qa5 Be3 46. c4
Re7 47. c5 Ra7 48. Qc3+ Kh7 49. Qxe3 Rxa6 50. Qe7+ Kh6 51. Qb7 1-0

[Event "XLV C.to Italiano a squadre A1.1"]
[Site "Arvier ITA"]
[Date "2013.03.16"]
[Round "3"]
[White "Pulito, Alberto"]
[Black "Sgnaolin, Davide"]
[WhiteElo "2259"]
[BlackElo "2286"]
[Result "1-0"]
[PlyCount "103"]
[EventDate "2013.03.15"]

1. e4 c5 2. c3 Nf6 3. e5 Nd5 4. g3 Nc6 5. Bg2 Nc7 6. d4 cxd4 7. cxd4 e6 8. Nf3
d5 9. exd6 Bxd6 10. O-O O-O 11. Nc3 Ne7 12. Ne4 Ncd5 13. Qe2 b6 14. Bg5 h6 15.
Bd2 a5 16. Rfc1 Ba6 17. Qd1 Qb8 18. Nxd6 Qxd6 19. Ne5 Rac8 20. Rxc8 Rxc8 21.
Qh5 Rf8 22. Rd1 Nf6 23. Qf3 Ned5 24. g4 Nd7 25. Re1 Nxe5 26. dxe5 Qe7 27. g5
hxg5 28. Qh5 Nf4 29. Bxf4 gxf4 30. Be4 g6 31. Qg4 Kg7 32. Qxf4 Rh8 33. Re3 Rh5
34. Rg3 Qh4 35. Rg4 Qd8 36. Kg2 Bd3 37. Qf6+ Qxf6 38. exf6+ Kxf6 39. Bxd3 Rd5
40. Rg3 Ke7 41. Kf1 Rh5 42. h3 Rc5 43. Ke2 Rc1 44. Kd2 Ra1 45. a3 Rh1 46. Be4
Rf1 47. Ke2 Rc1 48. Rb3 f5 49. Bg2 Rc2+ 50. Ke3 f4+ 51. Kxf4 Rxf2+ 52. Bf3 1-0

[Event "XLV C.to Italiano a squadre A1.1"]
[Site "Arvier ITA"]
[Date "2013.03.16"]
[Round "3"]
[White "Saccona, Silvano"]
[Black "Bonomi, Maurizio"]
[WhiteElo "2170"]
[BlackElo "2212"]
[Result "1/2-1/2"]
[PlyCount "45"]
[EventDate "2013.03.15"]

1. d4 Nf6 2. Nf3 c5 3. c3 cxd4 4. cxd4 d5 5. Nc3 Nc6 6. e3 e6 7. Be2 Be7 8. O-O
O-O 9. Bd2 Bd7 10. Qb1 Rb8 11. b3 a6 12. a4 Bd6 13. e4 Nxe4 14. Nxe4 dxe4 15.
Qxe4 Ne7 16. Bg5 h6 17. Bh4 Qe8 18. Bxe7 Qxe7 19. Ne5 Bxe5 20. dxe5 Bc6 21. Qe3
Rfd8 22. Rae1 Qb4 23. Bf3 1/2-1/2

[Event "XLV C.to Italiano a squadre A1.1"]
[Site "Arvier ITA"]
[Date "2013.03.16"]
[Round "3"]
[White "Sanchez, Joseph"]
[Black "Marguerettaz, Davy"]
[WhiteElo "2531"]
[BlackElo "2189"]
[Result "1-0"]
[PlyCount "63"]
[EventDate "2013.03.15"]

1. e4 e5 2. Nf3 Nc6 3. d4 exd4 4. Nxd4 Nf6 5. Nc3 Bb4 6. Nxc6 bxc6 7. Bd3 O-O
8. O-O d5 9. exd5 cxd5 10. Bg5 c6 11. Na4 Re8 12. Rc1 h6 13. Bh4 Bd6 14. c4 Rb8
15. b3 Be5 16. Bg3 Bxg3 17. hxg3 Ng4 18. Re1 Be6 19. Rxe6 Rxe6 20. Qxg4 dxc4
21. Bxc4 Qd2 22. Qf4 Qxf4 23. gxf4 Rd6 24. g3 Rd2 25. Nc3 Rbd8 26. Kg2 Rb2 27.
a4 Kf8 28. f5 Rdd2 29. Ne4 Rbc2 30. Re1 Rd8 31. Kf3 Re8 32. Rd1 1-0

[Event "XLV C.to Italiano a squadre A1.1"]
[Site "Arvier ITA"]
[Date "2013.03.16"]
[Round "3"]
[White "Yeuillaz, Corrado"]
[Black "Genocchio, Daniele"]
[WhiteElo "2223"]
[BlackElo "2413"]
[Result "0-1"]
[PlyCount "122"]
[EventDate "2013.03.15"]

1. e4 c5 2. Nf3 Nc6 3. d4 cxd4 4. Nxd4 Nf6 5. Nc3 e5 6. Ndb5 d6 7. Nd5 Nxd5 8.
exd5 Nb8 9. c4 Be7 10. Be2 O-O 11. O-O Nd7 12. Kh1 a6 13. Nc3 f5 14. f4 Bf6 15.
Qc2 Qe7 16. Bd2 exf4 17. Rae1 Bh4 18. Rc1 g5 19. Bd3 Ne5 20. Ne2 f3 21. gxf3 f4
22. Be4 Bh3 23. Rfd1 Rac8 24. Qb3 Bf2 25. Rc2 Ba7 26. Bb4 Ng4 27. Ng1 Nf6 28.
Nxh3 Nxe4 29. Rg2 h6 30. Re1 Be3 31. fxe4 f3 32. Rf2 Bxf2 33. Nxf2 Rf4 34. Qd3
Qf6 35. Bc3 Qf7 36. Qd4 Kh7 37. Rg1 Rg8 38. Bd2 Rh4 39. Rg3 Re8 40. Qd3 Rf8 41.
b3 Kg8 42. Bb4 Qf4 43. Kg1 Qc1+ 44. Qf1 Qf4 45. Qe1 b5 46. Bd2 Qf7 47. Qc1 Kh7
48. c5 dxc5 49. Qxc5 Rd8 50. d6 Qe6 51. Bxg5 Rh5 52. Qc7+ Rd7 53. Qc2 Rxg5 54.
Rxg5 hxg5 55. e5+ Kg7 56. Qe4 Rf7 57. h3 Rf4 58. Qe3 Rf5 59. Ng4 f2+ 60. Kf1
Qd5 61. Nxf2 Qxe5 0-1

[Event "XLV C.to Italiano a squadre A1.1"]
[Site "Arvier ITA"]
[Date "2013.03.17"]
[Round "4"]
[White "Aranovitch, Emiliano"]
[Black "Stoppa, Omar"]
[WhiteElo "2328"]
[BlackElo "2294"]
[Result "1-0"]
[PlyCount "65"]
[EventDate "2013.03.15"]

1. e4 e6 2. d4 d5 3. Nc3 Bb4 4. e5 c5 5. a3 Ba5 6. b4 cxd4 7. Nb5 Bc7 8. f4 Nc6
9. Nf3 Nh6 10. Bd3 Bb8 11. Bb2 a5 12. Nbxd4 axb4 13. axb4 Rxa1 14. Qxa1 O-O 15.
Nxc6 bxc6 16. Bd4 f6 17. O-O Ng4 18. Bc5 fxe5 19. fxe5 Rf7 20. h3 Nh6 21. Qc1
Kh8 22. Qe3 Qc7 23. Ra1 Nf5 24. Bxf5 Rxf5 25. Bd6 Qb7 26. Bxb8 Qxb8 27. Nd4 Rf8
28. Nxc6 Qb5 29. Qc5 Qxc5+ 30. bxc5 Bb7 31. Nd4 Re8 32. c6 Bc8 33. Ra8 1-0

[Event "XLV C.to Italiano a squadre A1.1"]
[Site "Arvier ITA"]
[Date "2013.03.17"]
[Round "4"]
[White "Arata, Roberto Mario"]
[Black "Bellia, Fabrizio"]
[WhiteElo "2222"]
[BlackElo "2416"]
[Result "0-1"]
[PlyCount "102"]
[EventDate "2013.03.15"]

1. d4 Nf6 2. c4 e6 3. Nf3 b6 4. a3 Bb7 5. Nc3 d5 6. e3 Be7 7. cxd5 Nxd5 8. Bd3
O-O 9. O-O Nxc3 10. bxc3 c5 11. e4 Nd7 12. Qe2 Qc7 13. Bd2 Rfd8 14. d5 exd5 15.
exd5 Re8 16. c4 Bf6 17. Qd1 Bxa1 18. Qxa1 b5 19. Qb1 bxc4 20. Bxh7+ Kf8 21. Bc3
Bxd5 22. Qb2 f6 23. Nh4 Be4 24. Bxe4 Rxe4 25. g3 Kg8 26. Qd2 Qc6 27. Ng6 Nf8
28. Nf4 Ne6 29. Ng6 Ng5 30. f3 Ree8 31. Kg2 Qb7 32. h4 Ne6 33. h5 Rad8 34. Qc1
Ng5 35. Rf2 Nxf3 36. Qf4 Ng5+ 37. Kh2 Qe4 38. Qc1 Qe3 39. Qxe3 Rxe3 40. Ba5
Rde8 41. Nf4 Rxa3 42. Bc7 Ne6 43. Bd6 Nxf4 44. Rxf4 c3 45. Rc4 Re6 46. Bf4 Rc6
47. Kh3 Rb3 48. Kg4 Rb4 49. Rxc3 c4 50. Kf5 Rb5+ 51. Kg6 Rcc5 0-1

[Event "XLV C.to Italiano a squadre A1.1"]
[Site "Arvier ITA"]
[Date "2013.03.17"]
[Round "4"]
[White "Barletta, Mauro"]
[Black "Ciuffoletti, Paolo"]
[WhiteElo "2221"]
[BlackElo "2182"]
[Result "1-0"]
[PlyCount "63"]
[EventDate "2013.03.15"]

1. Nf3 d5 2. c4 c6 3. cxd5 cxd5 4. d4 Nc6 5. Nc3 Nf6 6. Bf4 Bf5 7. e3 e6 8. Qb3
Bb4 9. Bb5 O-O 10. O-O Bxc3 11. Qxc3 Rc8 12. Qa3 Qb6 13. Qc5 Nxd4 14. Qxb6
Nxf3+ 15. gxf3 axb6 16. Bd6 Rc2 17. Bxf8 Rxb2 18. Bxg7 Kxg7 19. a4 e5 20. Rfe1
Rb4 21. Rac1 Rh4 22. Red1 e4 23. Be2 exf3 24. Bxf3 Rxa4 25. Bxd5 Rg4+ 26. Kf1
Rh4 27. Bxb7 Rxh2 28. Kg1 Rh4 29. f3 b5 30. Rc5 Bd7 31. e4 Rh6 32. e5 1-0

[Event "XLV C.to Italiano a squadre A1.1"]
[Site "Arvier ITA"]
[Date "2013.03.17"]
[Round "4"]
[White "Caloni, Ugo"]
[Black "Bonomi, Maurizio"]
[WhiteElo "2155"]
[BlackElo "2212"]
[Result "1-0"]
[PlyCount "76"]
[EventDate "2013.03.15"]

1. d4 Nf6 2. Nf3 c5 3. e3 g6 4. Be2 Bg7 5. O-O b6 6. c3 O-O 7. Nbd2 Bb7 8. Re1
d5 9. Ne5 Nfd7 10. f4 f6 11. Nd3 c4 12. Nf2 f5 13. b3 b5 14. Nf3 Re8 15. Rb1
Qc7 16. bxc4 bxc4 17. g4 e6 18. gxf5 exf5 19. Ne5 Nf6 20. Ba3 Nbd7 21. Qa4 Bf8
22. Bxf8 Rxf8 23. Rb2 Nxe5 24. dxe5 Ne4 25. Nxe4 fxe4 26. Qd1 Bc6 27. Bg4 Qe7
28. Rg2 Kh8 29. Qd4 h5 30. Bd1 Kh7 31. Rf1 Rf5 32. Kh1 Rg8 33. Rfg1 Qc7 34. Rg3
Qb6 35. Qd2 Kh6 36. Qg2 Be8 37. Qh3 Rgf8 38. Bg4 Bd7 1-0

[Event "XLV C.to Italiano a squadre A1.1"]
[Site "Arvier ITA"]
[Date "2013.03.17"]
[Round "4"]
[White "Castaldo, Folco"]
[Black "Sanchez, Joseph"]
[WhiteElo "2413"]
[BlackElo "2531"]
[Result "1/2-1/2"]
[PlyCount "61"]
[EventDate "2013.03.15"]

1. e4 d5 2. exd5 Qxd5 3. Nc3 Qd6 4. d4 Nf6 5. Bg5 c6 6. Qd2 Bf5 7. O-O-O e6 8.
Nge2 Nbd7 9. Ng3 Bg6 10. h4 h6 11. Bf4 Qb4 12. a3 Qa5 13. Kb1 Be7 14. Bc4 Nb6
15. Bb3 O-O-O 16. Rhe1 Rhe8 17. Be5 Qa6 18. f4 h5 19. f5 exf5 20. Qf4 Nc4 21.
Nxf5 Bf8 22. Bxc4 Qxc4 23. Bb8 Nd5 24. Nxd5 cxd5 25. Bd6 Re6 26. Bxf8 Rxf8 27.
Re3 Qc7 28. Qg5 Bxf5 29. Qxf5 g6 30. Qh3 Qd7 31. Rde1 1/2-1/2

[Event "XLV C.to Italiano a squadre A1.1"]
[Site "Arvier ITA"]
[Date "2013.03.17"]
[Round "4"]
[White "Genocchio, Daniele"]
[Black "Ranieri, Fabrizio"]
[WhiteElo "2413"]
[BlackElo "2277"]
[Result "1-0"]
[PlyCount "55"]
[EventDate "2013.03.15"]

1. f4 d5 2. Nf3 Nf6 3. g3 c5 4. Bg2 e6 5. d3 Be7 6. O-O O-O 7. Qe1 Nc6 8. e4 b5
9. e5 Nd7 10. c3 a5 11. Be3 Ba6 12. Nbd2 Rb8 13. h4 Nb6 14. Qe2 Qd7 15. Rac1 a4
16. a3 d4 17. cxd4 Nxd4 18. Bxd4 cxd4 19. Ng5 h6 20. Bc6 Qd8 21. Qh5 Nd5 22.
Bxd5 Qxd5 23. Nde4 b4 24. Rc7 Rb7 25. Rxe7 Rxe7 26. Nf6+ gxf6 27. Ne4 Qb5 28.
Qxh6 1-0

[Event "XLV C.to Italiano a squadre A1.1"]
[Site "Arvier ITA"]
[Date "2013.03.17"]
[Round "4"]
[White "Guerrieri, Lorenzo"]
[Black "Pulito, Alberto"]
[WhiteElo "2209"]
[BlackElo "2259"]
[Result "1/2-1/2"]
[PlyCount "140"]
[EventDate "2013.03.15"]

1. e4 e6 2. d4 d5 3. e5 c5 4. dxc5 Nc6 5. Nf3 Bxc5 6. Bd3 Nge7 7. Bf4 Ng6 8.
Bg3 a6 9. Nbd2 Bd7 10. O-O O-O 11. c4 Ba7 12. a3 Nd4 13. cxd5 exd5 14. h3 Bf5
15. Bxf5 Nxf5 16. Bh2 Rc8 17. Qb1 Nfe7 18. Qd3 Qb6 19. b4 Rfd8 20. Rae1 Qb5 21.
Qb1 Rc3 22. h4 Nf8 23. Qb2 Rdc8 24. Nb1 Rc2 25. Qb3 Ne6 26. Ng5 Nd4 27. Qh3 h6
28. e6 f6 29. Nf7 Qc6 30. Qg4 Kh7 31. h5 Ndf5 32. Bf4 Bb8 33. Bxb8 Rxb8 34. Qf4
Rc8 35. Nd2 Qc7 36. Qxc7 R8xc7 37. Nb3 Rb2 38. Rb1 Rcc2 39. Rxb2 Rxb2 40. Nc5
Re2 41. Nxb7 Rxe6 42. Nc5 Re2 43. Nxa6 d4 44. Nc5 Nd5 45. Rd1 Ra2 46. Nb3 Nc3
47. Re1 Rxa3 48. Nc5 Ra8 49. g4 Nh4 50. Re7 f5 51. gxf5 Nxf5 52. Rd7 Ne2+ 53.
Kh2 Nf4 54. Nd6 Rf8 55. Nxf5 Rxf5 56. Nb3 Nxh5 57. Kg1 Rf3 58. Nxd4 Rd3 59. Rd8
Rd1+ 60. Kg2 Nf4+ 61. Kf3 g5 62. Nc6 Rxd8 63. Nxd8 h5 64. b5 Nd5 65. Ne6 Kg6
66. Nf8+ Kf5 67. Nd7 Ke6 68. Nc5+ Kf5 69. Nd7 Ke6 70. Nc5+ Kf5 1/2-1/2

[Event "XLV C.to Italiano a squadre A1.1"]
[Site "Arvier ITA"]
[Date "2013.03.17"]
[Round "4"]
[White "Saccona, Silvano"]
[Black "Napoli, Nicolo'"]
[WhiteElo "2170"]
[BlackElo "2281"]
[Result "1/2-1/2"]
[PlyCount "112"]
[EventDate "2013.03.15"]

1. e4 e6 2. d4 d5 3. exd5 exd5 4. Nf3 Bd6 5. Be3 Ne7 6. c4 Nf5 7. Nc3 O-O 8.
Nxd5 c6 9. Nc3 Re8 10. Qd2 Qe7 11. Be2 Nxe3 12. fxe3 Nd7 13. e4 Bb4 14. Bd3 c5
15. d5 f5 16. e5 Nxe5 17. O-O Bd7 18. Nxe5 Qxe5 19. Qc2 g6 20. Rad1 Ba5 21. Ne2
Bc7 22. g3 Re7 23. Kh1 Rae8 24. Nf4 Qg7 25. b3 Re3 26. Ng2 R3e5 27. Qd2 b6 28.
Rde1 Bd6 29. Rxe5 Rxe5 30. Be2 Re4 31. Bf3 Qd4 32. Qg5 Qd3 33. Qc1 Re8 34. Qd1
Qc3 35. Qc1 Qd4 36. Nf4 Bxf4 37. Qxf4 Qxf4 38. gxf4 Re3 39. Kg2 h6 40. Kf2 Rd3
41. Re1 Kf7 42. Rd1 Rxd1 43. Bxd1 g5 44. Kg3 Kf6 45. Be2 Be8 46. a4 Bd7 47. Bd1
Ke7 48. Bh5 Kd6 49. Be2 Kc7 50. Bh5 a6 51. Bf7 Kd6 52. Bh5 b5 53. a5 bxc4 54.
bxc4 Ba4 55. Be2 Bc2 56. h4 g4 1/2-1/2

[Event "XLV C.to Italiano a squadre A1.1"]
[Site "Arvier ITA"]
[Date "2013.03.17"]
[Round "4"]
[White "Salvetti, Alec"]
[Black "Mariano, Elia"]
[WhiteElo "2226"]
[BlackElo "2156"]
[Result "1-0"]
[PlyCount "78"]
[EventDate "2013.03.15"]

1. c4 Nf6 2. g3 c5 3. Bg2 Nc6 4. Nc3 g6 5. Nf3 Bg7 6. d4 cxd4 7. Nxd4 O-O 8.
O-O Qa5 9. Nb3 Qb4 10. c5 Na5 11. Be3 Nxb3 12. Qxb3 Qa5 13. h3 Rd8 14. Rfd1 d6
15. cxd6 exd6 16. Qb5 Qxb5 17. Nxb5 Ne8 18. Nxa7 Bxb2 19. Rab1 Be5 20. Bb6 Bf5
21. e4 Be6 22. f4 Bg7 23. a4 Rd7 24. a5 Nc7 25. e5 dxe5 26. Rxd7 Bxd7 27. Bxb7
Re8 28. Bxc7 exf4 29. Rd1 Bxh3 30. Bc6 Rf8 31. gxf4 Bg4 32. Rd6 Bh6 33. Rd2 Bg7
34. Nb5 Bc8 35. Nd6 Ba6 36. Bb5 Ra8 37. Bxa6 Rxa6 38. Bb6 Bc3 39. Rd5 f5 1-0

[Event "XLV C.to Italiano a squadre A1.1"]
[Site "Arvier ITA"]
[Date "2013.03.17"]
[Round "4"]
[White "Sarno, Spartaco"]
[Black "Yeuillaz, Corrado"]
[WhiteElo "2327"]
[BlackElo "2223"]
[Result "1/2-1/2"]
[PlyCount "71"]
[EventDate "2013.03.15"]

1. c4 e6 2. Nf3 Nf6 3. g3 d5 4. b3 Be7 5. Bg2 O-O 6. O-O c6 7. Bb2 Nbd7 8. Nc3
Re8 9. Qc2 Bf8 10. d4 b6 11. e4 Ba6 12. e5 Ng4 13. Rfd1 f6 14. h3 Nh6 15. exf6
gxf6 16. Ne2 Nf7 17. Nf4 Bd6 18. Nh5 Rc8 19. Nh2 f5 20. c5 Bf8 21. Nf3 Nf6 22.
Nxf6+ Qxf6 23. Re1 Bg7 24. Kh2 Qd8 25. Rad1 Qd7 26. Nh4 Kh8 27. f4 Rg8 28. Re3
Bf6 29. Nf3 Rce8 30. Rc1 Nd8 31. Qf2 Rg6 32. Rd1 Reg8 33. Ne5 Bxe5 34. Rxe5 Qg7
35. Re3 h5 36. Rg1 1/2-1/2

[Event "XLV C.to Italiano a squadre A1.1"]
[Site "Arvier ITA"]
[Date "2013.03.17"]
[Round "4"]
[White "Van Hoolandt, Patrick"]
[Black "Sgnaolin, Davide"]
[WhiteElo "2191"]
[BlackElo "2286"]
[Result "1/2-1/2"]
[PlyCount "144"]
[EventDate "2013.03.15"]

1. e4 c5 2. Nf3 Nc6 3. Bb5 g6 4. Bxc6 dxc6 5. d3 Bg7 6. h3 Nf6 7. Nc3 Nd7 8.
Be3 e5 9. Qd2 h6 10. O-O Qe7 11. Rfe1 b6 12. Ne2 Nf8 13. c3 Ba6 14. d4 Rd8 15.
Qc2 Bxe2 16. Rxe2 exd4 17. cxd4 cxd4 18. Qxc6+ Qd7 19. Qxd7+ Rxd7 20. Bf4 Ne6
21. Bg3 Ke7 22. Rd1 d3 23. Red2 Nc5 24. Be5 f6 25. Bc3 Rhd8 26. b4 Ne6 27. g3
f5 28. Bxg7 Nxg7 29. exf5 Nxf5 30. Ne5 Rd6 31. Rxd3 Rxd3 32. Rxd3 Rxd3 33. Nxd3
Kd6 34. g4 Ne7 35. Kf1 Kd5 36. Ke2 Kc4 37. f4 Nc6 38. Ke3 Kd5 39. f5 gxf5 40.
gxf5 Nd4 41. f6 Nf5+ 42. Kf4 Nd6 43. Ne5 Ke6 44. f7 Ke7 45. Kg4 a5 46. bxa5
bxa5 47. Kh5 Nxf7 48. Nxf7 Kxf7 49. Kxh6 Kf6 50. a4 Kf5 51. Kh5 Kf4 52. Kh4 Kf5
53. Kg3 Kg5 54. Kf3 Kh4 55. Kg2 Kh5 56. Kg3 Kg5 57. h4+ Kh5 58. Kh3 Kh6 59. Kg4
Kg6 60. h5+ Kh6 61. Kh4 Kh7 62. Kg5 Kg7 63. h6+ Kh7 64. Kh5 Kh8 65. Kg6 Kg8 66.
Kf6 Kh7 67. Ke6 Kxh6 68. Kd6 Kg6 69. Kc6 Kf6 70. Kb6 Ke6 71. Kxa5 Kd7 72. Kb6
Kc8 1/2-1/2

[Event "XLV C.to Italiano a squadre A1.1"]
[Site "Arvier ITA"]
[Date "2013.03.17"]
[Round "5"]
[White "Bellia, Fabrizio"]
[Black "Marguerettaz, Davy"]
[WhiteElo "2416"]
[BlackElo "2189"]
[Result "1-0"]
[PlyCount "71"]
[EventDate "2013.03.15"]

1. d4 d5 2. c4 c6 3. Nc3 dxc4 4. e4 b5 5. a4 b4 6. Na2 Nf6 7. e5 Nd5 8. Bxc4 e6
9. Nf3 Be7 10. O-O O-O 11. Bd2 a5 12. Nc1 Bb7 13. Nb3 Nd7 14. Qc2 c5 15. Bd3 g6
16. Bh6 Re8 17. dxc5 Rc8 18. Bb5 Bc6 19. Ba6 Ra8 20. Bd3 Qc7 21. Rfe1 Rec8 22.
Nfd4 Nxe5 23. Nxc6 Nxc6 24. Bb5 Bf6 25. Rad1 Ne5 26. Qe2 Nd7 27. Bc4 Qe5 28.
Bxd5 exd5 29. Qg4 Qxb2 30. Rb1 Ne5 31. Qxc8+ Rxc8 32. Rxb2 Nd3 33. Rbe2 Nxe1
34. Rxe1 Bc3 35. Re7 d4 36. c6 1-0